000 00507nam a2200181Ia 4500
003 GCL
005 20240530100335.0
008 140319s9999 xx 000 0 eng d
040 _aGCL /
_cGCL
082 0 4 _a796.07
_bL P
100 1 _aLUMPKIN, ANGELA
245 1 0 _aPHYSICAL EDUCATION AND SPORT : A CONTEMPORARY INTRODUCTION, 3rd ed. /
_cLUMPKIN, ANGELA
260 _a[S.N] :
_bMOSBY ،
_c1994
300 _a397 P
650 0 4 _aEDUCATION
650 0 4 _aPHYSICAL ADUCATION AND TRAINING
942 _2ddc
_cBK
999 _c16719
_d16719